logo

Bir Sreshtho Munshi Abdur Rouf Library
Jhenaidah Cadet College

The Nation of Evolution Through the Ages / (Record no. 4592)

MARC details
000 -LEADER
fixed length control field 00559nam a2200205 a 4500
001 - CONTROL NUMBER
JCCL Control Number 4592
003 - CONTROL NUMBER IDENTIFIER
JCCL marc code BD-JhCC
005 - DATE AND TIME OF LATEST TRANSACTION
control field 20171128190958.0
008 - FIXED-LENGTH DATA ELEMENTS--GENERAL INFORMATION
fixed length control field 171128s1977 bg |||| |||| 000 0 eng d
035 ## - SYSTEM CONTROL NUMBER
system control number (BD-JhCC)
040 ## - CATALOGING SOURCE
Original cataloging agency BD-JhCC
Modifying agency BD-JhCC
041 ## - LANGUAGE CODE
Language code of Book eng
082 ## - DEWEY DECIMAL CLASSIFICATION NUMBER
Classification number 116
Author mark and Year SHA 1977
100 ## - MAIN ENTRY--PERSONAL NAME
Personal name Sharafuddin, Al-Hajj Shaikh
245 ## - TITLE STATEMENT
Title The Nation of Evolution Through the Ages /
Statement of responsibility, etc Al-Hajj Shaikh Sharafuddin
260 ## - PUBLICATION, DISTRIBUTION, ETC. (IMPRINT)
Place of publication, distribution, etc Dhaka:
Name of publisher, distributor, etc Bangladesh Books International Ltd;
Date of publication, distribution, etc 1977
300 ## - PHYSICAL DESCRIPTION
Pagination 143 p.;
Dimensions 22 cm
650 ## - SUBJECT ADDED ENTRY--TOPICAL TERM
Topical term or geographic name as entry element Evolution
942 ## - ADDED ENTRY ELEMENTS (KOHA)
Source of classification or shelving scheme Dewey Decimal Classification
Koha item type Books
Holdings
Source of classification or shelving scheme Damaged status Not for loan Home library Current library Shelving location Date of accession Cost, normal purchase price Total Checkouts Full call number Barcode Date last seen Copy number Koha item type
Dewey Decimal Classification     JCC Rouf Library JCC Rouf Library General Stacks 11/28/2017 30.00   116 SHA 1977 6362 11/28/2017 C-1 Books

JCC Library | Contacts | JCC Home

Last Update on 23 September 2017
Copyright @ 2017-2020 JCC Rouf Library
Rouf Library, Jhenidah Cadet College (JCC), Bangladesh